| Tag |
First Indicator |
Second Indicator |
Subfields |
| LEADER |
00000ugm a2200000 a 4500 |
| 001 |
in00004136331 |
| 005 |
20260123213026.5 |
| 006 |
m o d |
| 007 |
cr cn |
| 008 |
040116s2015 xx v eng |
| 020 |
|
|
|z 9781771375221
|
| 035 |
|
|
|a (CaSebORM)9781771375221
|
| 040 |
|
|
|d UtOrBLW
|
| 041 |
0 |
|
|a eng
|
| 100 |
1 |
|
|a Thomson, Edward,
|e author.
|0 http://id.loc.gov/authorities/names/nb2010025880
|
| 245 |
1 |
0 |
|a Git for Visual Studio /
|c Thomson, Edward.
|
| 250 |
|
|
|a 1st edition.
|
| 264 |
|
1 |
|b Infinite Skills,
|c 2015.
|
| 300 |
|
|
|a 1 online resource (1 video file, approximately 2 hr., 39 min.)
|
| 336 |
|
|
|a two-dimensional moving image
|b tdi
|2 rdacontent
|
| 337 |
|
|
|a computer
|b c
|2 rdamedia
|
| 338 |
|
|
|a online resource
|b cr
|2 rdacarrier
|
| 347 |
|
|
|a video file
|
| 520 |
|
|
|a In this Git for Visual Studio training course, expert author Edward Thomson will teach you how to use the Git support in Visual Studio to track and share changes. This course is designed for users that already have a basic working knowledge of Git. You will start by learning how to create, open, and clone a repository. From there, Edward will teach you how to work with local repositories. This video tutorial also covers branching and merging, working with remote repositories, and working with Visual Studio Online. Finally, you will learn how to work with GitHub and interact with command-line tools, including adding custom Git commands to Visual Studio and using the Visual Studio merge tool from Git. Once you have completed this computer based training course, you will have learned how to set up, manage, and work with repositories.
|
| 533 |
|
|
|a Electronic reproduction.
|b Boston, MA :
|c Safari,
|n Available via World Wide Web.
|
| 538 |
|
|
|a Mode of access: World Wide Web.
|
| 542 |
|
|
|f Copyright © Infinite Skills
|
| 588 |
|
|
|a Online resource; Title from title screen (viewed December 17, 2015)
|
| 500 |
|
|
|a Videorecording.
|
| 655 |
|
7 |
|a Electronic videos.
|2 local
|
| 710 |
2 |
|
|a Safari, an O'Reilly Media Company.
|
| 856 |
4 |
0 |
|u https://proxy.library.tamu.edu/login?url=https://go.oreilly.com/TAMU/library/view/-/9781771375221/?ar
|z Connect to this electronic resource
|t 0
|
| 999 |
f |
f |
|s efb0a317-abdd-346d-b7ae-4c0cfea617e2
|i 6c0a61d6-509f-3e16-b06c-7dd508a7b362
|t 0
|
| 952 |
f |
f |
|a Texas A&M University
|b College Station
|c Electronic Resources
|s www_evans
|d Available Online
|t 0
|h No information provided
|
| 998 |
f |
f |
|t 0
|l Available Online
|